000 00293nam a22001337a 4500
008 170206b xxu||||| |||| 00| 0 eng d
020 _a9781932514339
041 _aeng
080 _a61
100 _a3
101 _aSHM
245 _aRESPIRATORY CARE LEXICON
_cKENNETH BRETL
942 _2udc
_cBK
999 _c4769
_d4769